Score 0/20 Timer 04:00
2 Plays Today
Question Answer Wrong Answers
Mozzarella Cheese
96.7%
Wine
0.9%
Merlot Wine
96.3%
Cheese
1.4%
Chardonnay Wine
96.3%
Cheese
1.4%
Ricotta Cheese
96.2%
Wine
1.4%
Brie Cheese
95.9%
Wine
1.7%
Gruyère Cheese
93.2%
Wine
4.5%
Edam Cheese
91.5%
Wine
6%
Zinfandel Wine
89.6%
Cheese
8%
Roquefort Cheese
89.1%
Wine
8.5%
Malbec Wine
89%
Cheese
8.7%
Moscato Wine
88.8%
Cheese
9%
Syrah Wine
85.6%
Cheese
11.9%
Havarti Cheese
85.3%
Wine
12.4%
Lambrusco Wine
77.3%
Cheese
20.3%
Cava Wine
73.1%
Cheese
24.5%
Sangiovese Wine
72.7%
Cheese
24.8%
Neufchâtel Cheese
63.1%
Wine
34.5%
Trebbiano Wine
58.7%
Cheese
39%
Appenzeller Cheese
54%
Wine
43.7%
Port Salut Cheese
41.7%
Wine
56%
Come Together.
Have Fun.
All Virtual.
We all need to come together. Play Sporcle's virtual live trivia to have fun, connect with people, and get your trivia on. Join a live hosted trivia game for your favorite pub trivia experience done virtually. If a virtual private party is more your thing, go here for details.

You're not logged in!

Compare scores with friends on all Sporcle quizzes.
OR
Log In

Sporcle TV

Today on Sporcle TV


Watch our educational content, quiz creation guides, and fun videos on Sporcle TV.

Show Comments

Extras

Top Quizzes Today


Score Distribution

Paid Content

Your Account Isn't Verified!

In order to create a playlist on Sporcle, you need to verify the email address you used during registration. Go to your Sporcle Settings to finish the process.

Report this User

Report this user for behavior that violates our Community Guidelines.

Details: